Estética plural de la naturaleza
সংরক্ষণ করুন:
| প্রধান লেখক: | , , |
|---|---|
| বিন্যাস: | গ্রন্থ |
| ভাষা: | স্প্যানিশ |
| প্রকাশিত: |
Barcelona
Laertes
2006
|
| সংস্করন: | 1a. ed |
| বিষয়গুলি: | |
| ট্যাগগুলো: |
ট্যাগ যুক্ত করুন
কোনো ট্যাগ নেই, প্রথমজন হিসাবে ট্যাগ করুন!
|
MARC
| LEADER | 00000nam a2200000 a 4500 | ||
|---|---|---|---|
| 001 | UCI9537 | ||
| 003 | CL-VaPUC | ||
| 008 | 081120e20060000SP |||||||||||||||||spa|d | ||
| 020 | |a 9788475845890 | ||
| 082 | 0 | 4 | |a 701.17 |b SAL |2 21 |
| 100 | 0 | |a Salabert, Pere |e author |9 533357 | |
| 700 | 0 | |a Parret, Hernán |e author |9 533358 | |
| 700 | 0 | |a Chàteau, Dominique |e author |9 533359 | |
| 245 | 1 | 0 | |a Estética plural de la naturaleza |
| 250 | |a 1a. ed | ||
| 300 | |a 325 p | ||
| 942 | |c BK | ||
| 945 | |d 20081120 00:00:00 |a jtorresc | ||
| 260 | |a Barcelona |b Laertes |c 2006 | ||
| 650 | 0 | |a Estética |9 264950 | |
| 650 | 0 | |a Arte y naturaleza |9 426739 | |
| 650 | 0 | |a Filosofía del arte |9 264951 | |
| 583 | |a last modification |c 20081120 00:00:00 |k Rodrigo Vera | ||
| 999 | |c 332061 |d 332059 | ||
| 952 | |0 0 |1 0 |4 0 |6 701_170000000000000_SAL_2006 |7 0 |8 A |9 419426 |a BIBART |b BIBART |d 2019-11-22 |i 4499638 |o 701.17 SAL 2006 |p 4499638 |r 2025-03-13 |w 2019-11-22 |y BK |k ART | ||